LDR 01319namaa2200325 i 4500 001 000000178684 003 CaOOAMICUS 005 20260422120840.0 007 tu 008 260422s2026 it df 000 u ita r 020 $a979-12-5627-211-2* 040 $aPUL$bita$erda 082 0 $a241.697 100 1 $aRinaldi, Angela,$d1990-,$eautore.$0(OLS)http://pul/name/111172 245 10$aSafeguarding e Capabilities Approach per lo sviluppo umano integrale /$cAngela Rinaldi. 264 4$c©2026. 300 $a223 pagine: $bGrafici, tavole ; $c21 cm 336 $atesto$btxt$2rdacontent 337 $asenza mediazione$bn$2rdamedia 338 $avolume$bnc$2rdacarrier 504 $aBibliografia in nota a piè pagina e a pagine 211-219. 650 4$aAbusi sessuali.$0(OLS)http://pul/subject/45697 850 $aPUL 852 $aPUL$W1$xSL Religione 3$y85$m241. 697 RINAN 1$j202457$qDDC 21$B207868$CPULBib$Z2$F207868 $H138567 $82 941 1 $a9 996 $6020$a979-12-5627-211-2*$9(OLS)http://pul/number/170943 996 $6082$a241.697$9(OLS)http://pul/classification/3543 996 $6245$aSafeguarding e Capabilities Approach per lo sviluppo umano integrale$9(OLS)http://pul/title/220260 996 $6264$a[S.l.] :$b[s.n.]$9(OLS)http://pul/publisher/0